LEADER 01127nam a2200253 u 4500 001 000000067706 003 CaOOAMICUS 005 20070226121722.0 008 020215s1875 fr u000 u fre u 035 $a10920949 040 $aPUL(R)$bita 100 1 $aLe P. Marin de Boylesve, S.J.$0(OLS)http://pul/name/45182 245 10$aCours de religion :$bLe Regne de Jesus Christ par les papes quatrieme tableau les Papes, les Italiens, les Allemands /$cS.J. Le P. Marin de Boylesve. 260 $aParis :$bHaton,$c1875. 300 $a80 p. ;$c18 cm 500 $aContiene indice. 504 $aBibliografia in nota. 600 04$aJesus Christ.$0(OLS)http://pul/subject/4351 850 $aPUL 852 $aPUL$W1$xDP1 Antico 800$y27$m59 I 9$j87581$nBK-PRI$b $qStampati Antico$B87585$CPULBib$Z2$F87585 $H $81 941 1 $a15 961 $aINV: Rilegato con altre opere. 996 $6245$aCours de religion :$bLe Regne de Jesus Christ par les papes quatrieme tableau les Papes, les Italiens, les Allemands$9(OLS)http://pul/title/89703 996 $6260$aParis :$bHaton$9(OLS)http://pul/publisher/55610 LEADER 01083nam a2200289 u 4500 001 000000048824 003 CaOOAMICUS 005 20070226115037.0 008 000601s2000 it u000 u ita u 020 $a8837217757 035 $a10849026 040 $aPUL$bita 100 1 $aSanna, Ignazio,$carcivesc. di Oristano.$0(OLS)http://pul/name/20154 245 10$aKarl Rahner /$cIgnazio Sanna. 260 $aBrescia :$bMorcelliana,$c2000. 300 $a155 p. ;$c19 cm 490 1 $aNovecento teologico 504 $a"Bibliografia": pp. 141-153. 600 14$aRahner, Karl,$cS.I.,$d1904-1984.$0(OLS)http://pul/subject/2205 830 0$aNovecento teologico.$0(OLS)http://pul/title/65807 850 $aPUL 852 $aPUL$W1$xSL Religione 1$y3$m65 E 101$j64975$nBK-PRI$b $qStampati$B64975$CPULBib$Z2$F64975 $H $81 941 1 $a8 961 $aINV: 81917 996 $6020$a8837217757$9(OLS)http://pul/number/61548 996 $6245$aKarl Rahner$9(OLS)http://pul/title/65806 996 $6260$aBrescia :$bMorcelliana$9(OLS)http://pul/publisher/47854